000 00991nam a2200241 i 4500
001 106211
003 ES-MaACL
005 20250815135209.0
007 t|
008 061010s1989 sp a |||| | spa d
080 _a75 Maestro de las Medias Figuras
080 _a75.034(493)
100 1 _aDíaz Padrón, Matías,
_d1934-2022
_944376
245 1 4 _aUna tabla del Maestro de las Medias Figuras atribuída a Ambrosio Benson en la Galería Phillips de Londres /
_cpor Matías Díaz Padrón.
260 _aMadrid :
_bReal Academia de Bellas Artes de San Fernando,
_c1989.
300 _ap. [171-178] :
_bil. ;
_c25 cm.
595 _aSeparata de: Academia, Boletín de la Real Academia de Bellas Artes de San Fernando, n. 69, 2º semestre de 1989.
600 0 4 _aMaestro de las Medias Figuras.
_975412
650 7 _aPintura flamenca
_2embne
_916046
710 2 _aReal Academia de Bellas Artes de San Fernando.
_96291
852 _aES-MaACL
_j2206-F-10
999 _c106211
_d106211